LEADER 03996 am 2201021 n 450 001 9910418015403321 005 20191220 010 $a979-1-03-654299-2 024 7 $a10.4000/books.larhra.5554 035 $a(CKB)4100000011314421 035 $a(FrMaCLE)OB-larhra-5554 035 $a(oapen)https://directory.doabooks.org/handle/20.500.12854/43769 035 $a(PPN)248498932 035 $a(EXLCZ)994100000011314421 100 $a20200623j|||||||| ||| 0 101 0 $afre 135 $auu||||||m|||| 181 $ctxt$2rdacontent 182 $cc$2rdamedia 183 $acr$2rdacarrier 200 13$aLe Concile Vatican II et le monde des religieux $e(Europe occidentale et Amérique du Nord, 1950-1980) /$fChristian Sorrel 210 $a[S.I] $cLARHRA$d2019 215 $a1 online resource (404 p.) 311 $a979-1-0915-9223-9 330 $aL?historiographie du Concile Vatican II accorde une place limitée au monde des religieux. Ce constat a guidé le projet du colloque international réuni à Rome en 2014 à l?initiative du LARHRA pour proposer une approche globale et évaluer les variables liées à la diversité des familles religieuses, des contextes sociaux ou ecclésiaux et des réalités nationales ou transnationales. En se centrant sur l?Europe occidentale et l?Amérique du Nord et en croisant les études de cas, il a permis de mieux saisir la place de l?événement conciliaire dans les dynamiques de changement à l??uvre dans les décennies 1950, 1960 et 1970. 517 $aConcile Vatican II et le monde des religieux 517 $aLe Concile Vatican II et le monde des religieux 606 $aReligion 606 $aHistory 606 $acongrégation 606 $aVatican II 606 $acolloque international 606 $afamille religieuse 606 $a?cuménisme 606 $aespérance 610 $afamille religieuse 610 $aespérance 610 $acolloque international 610 $aVatican II 610 $acongrégation 610 $a?cuménisme 615 4$aReligion 615 4$aHistory 615 4$acongrégation 615 4$aVatican II 615 4$acolloque international 615 4$afamille religieuse 615 4$a?cuménisme 615 4$aespérance 700 $aAlvarez Alonso$b Fermina$01322782 701 $aArdura$b Bernard$01291158 701 $aBord$b Lucien-Jean$0674381 701 $aBuffon$b Giuseppe$0743029 701 $aCavalin$b Tangi$01283661 701 $aDesouche$b Marie-Thérèse$01322783 701 $aDoria$b Piero$0479433 701 $aFornaciari$b Roberto$01322784 701 $aFouilloux$b Étienne$0184491 701 $aFréminville$b Christine de$01322785 701 $aGläsel$b Kirsten$01322786 701 $aHarris$b Alana$01322787 701 $aHayes$b Patrick J$01322788 701 $aHervieu-Léger$b Danielle$01364508 701 $aHeyder$b Regina$0476362 701 $aLaperle$b Dominique$01299798 701 $aLa Bella$b Gianni$01309705 701 $aLe Moigne$b Frédéric$01303747 701 $aMacDonald$b Heidi$01322790 701 $aMangion$b Carmen$01322791 701 $aMonteiro$b Marit$01322792 701 $aPetit$b Jean-François$01322793 701 $aPlanzi$b Lorenzo$01309707 701 $aRaison du Cleuziou$b Yann$01288215 701 $aRouthier$b Gilles$0478831 701 $aRoy$b Olivier du$01322794 701 $aRoy-Lysencourt$b Philippe$01309708 701 $aSchmiedl$b Joachim$01322795 701 $aSergio$b Marialuisa Lucia$0760172 701 $aSorrel$b Christian$01081829 701 $aToupin-Guyot$b Claire$0959627 701 $aTranvouez$b Yvon$0916681 701 $aViet-Depaule$b Nathalie$01293928 701 $aSorrel$b Christian$01081829 801 0$bFR-FrMaCLE 906 $aBOOK 912 $a9910418015403321 996 $aLe Concile Vatican II et le monde des religieux$93385693 997 $aUNINA LEADER 03958nam 2200697 450 001 9910137398303321 005 20231107063009.0 010 $a1-119-10056-9 010 $a1-119-17647-6 010 $a1-119-10050-X 035 $a(CKB)3710000000552060 035 $a(SSID)ssj0001593757 035 $a(PQKBManifestationID)16150432 035 $a(PQKBTitleCode)TC0001593757 035 $a(PQKBWorkID)14794557 035 $a(PQKB)11264836 035 $a(PQKBManifestationID)16287975 035 $a(PQKB)22975118 035 $a(DLC) 2015037261 035 $a(Au-PeEL)EBL4444879 035 $a(CaPaEBR)ebr11387635 035 $a(CaONFJC)MIL884678 035 $a(OCoLC)966125044 035 $a(CaSebORM)9781119100461 035 $a(MiAaPQ)EBC4444879 035 $a(JP-MeL)3000132080 035 $a(EXLCZ)993710000000552060 100 $a20150921h20162016 uy| 0 101 0 $aeng 135 $aurcnu|||||||| 181 $ctxt 182 $cc 183 $acr 200 10$aNonprofit fundraising 101 $ea practical guide with easy to implement ideas & tips from industry experts /$fDarian Rodriguez Heyman with Laila Brenner 210 1$aHoboken, New Jersey :$cWiley,$d[2016] 210 4$d2016 215 $a1 online resource (369 pages) $cillustrations 225 1 $aTHEi Wiley ebooks 300 $aIncludes index 311 $a1-119-10046-1 320 $aIncludes bibliographical references and index. 330 $a"Raise more money for your cause! Based on expert advice and insights from a variety of respected industry experts, Nonprofit Fundraising 101 is an essential text for nonprofit professionals, volunteers, activists, and social entrepreneurs who want to leverage best practices to promote their cause. Built upon the success of the best-selling Nonprofit Management 101, this easy to digest book provides practical, comprehensive guidance for nonprofit fundraising around the globe. With tips and tools, expert advice, and real-world insights from almost fifty industry leaders, this robust resource addresses the entire spectrum of fundraising for nonprofits, including: Planning, hiring, and tracking progress Individual donors, major gifts, events, and direct mail Board and volunteer engagement Foundation and government grants Corporate partnerships Online and email fundraising Social media and mobile crowdfunding Earned income and social enterprise Written by and for front line practitioners and geared towards a global audience of emerging and established leaders, this field guide offers step-by-step formulas for success. Nonprofit Fundraising 101 features a foreword by fundraising guru and Soul of Money author Lynne Twist, insights from notable non-profit professionals such as CNN's Van Jones, and an afterword by Kiva.org Co-Founder & President Premal Shah. This book also provides indispensible ideas and diverse case studies ranging from grassroots efforts to the ALS Ice Bucket Challenge, and advice for organizations of all sizes and focus. Chapters are brief and easily digestible, featuring extensive resources for additional learning, concrete best practices, and pitfalls to avoid. Enjoy this must-read manual to learn tried and true ways to raise more money for your cause, nonprofit, or charity"-- Provided by publisher. 410 0$aTHEi Wiley ebooks. 517 3 $aNonprofit fundraising one hundred one 517 3 $aNonprofit fundraising one hundred and one 606 $aNonprofit organizations 606 $aFund raising 615 0$aNonprofit organizations. 615 0$aFund raising. 676 $a658.15/224 686 $a335.89$2njb/09 686 $a658.15/224$2njb/09 700 $aHeyman$b Darian Rodriguez$f1974-$0916320 702 $aBrenner$b Laila 801 0$bMiAaPQ 801 1$bMiAaPQ 801 2$bMiAaPQ 906 $aBOOK 912 $a9910137398303321 996 $aNonprofit fundraising 101$93427314 997 $aUNINA LEADER 01488nam 2200445 a 450 001 9910807044503321 005 20200520144314.0 010 $a1-383-02501-0 010 $a0-19-152395-X 010 $a1-280-84522-8 035 $a(CKB)24235066600041 035 $a(Au-PeEL)EBL422482 035 $a(CaPaEBR)ebr10266459 035 $a(CaONFJC)MIL84522 035 $a(OCoLC)476257427 035 $a(MiAaPQ)EBC422482 035 $a(EXLCZ)9924235066600041 100 $a20040802d2004 uy 0 101 0 $aeng 135 $aur||||||||||| 200 10$aIntroduction to the mathematical theory of compressible flow$b[electronic resource] /$fA. Novotny, I. Straskraba 210 $aOxford ;$aNew York $cOxford University Press$d2004 215 $axx, 506 p 225 1 $aOxford lecture series in mathematics and its applications ;$v27 320 $aIncludes bibliographical references and index. 410 0$aOxford lecture series in mathematics and its applications ;$v27. 606 $aFluid dynamics$xMathematical models 606 $aCompressibility 615 0$aFluid dynamics$xMathematical models. 615 0$aCompressibility. 676 $a620.1/064/015118 700 $aNovotny$b A$0623099 701 $aStraskraba$b I$g(Ivan)$0738128 801 0$bMiAaPQ 801 1$bMiAaPQ 801 2$bMiAaPQ 906 $aBOOK 912 $a9910807044503321 996 $aIntroduction to the mathematical theory of compressible flow$91461812 997 $aUNINA